000 00726nam a2200205 4500
001 108594
003 ES-MaACL
005 20251122063120.0
007 t|
008 061121s1911 fr r ||||1| fre d
100 1 _aMontessus de Ballore, Fernand de,
_d1851-1923
_982612
245 1 0 _aCalcul numérique
_b: 1ère partie, Opérations arithmétiques et algébriques. 2ème partie, Intégration /
_cpar R. de Montessus de Ballore et R. d'Adhémar.
260 _aParis :
_bO. Doin,
_c1911.
300 _a248 p. ;
_c18 cm.
490 1 _aEncyclopédie scientifique
700 1 _aAdhémar, Robert d'.
_918439
830 0 _aEncyclopédie scientifique
_9180883
852 _aES-MaACL
_jD-4354
999 _c108594
_d108594